000 00710nam a2200253Ia 4500
003 OSt
005 20220928104903.0
006 a|||||r|||| 00| 0
007 ta
008 220927b |||||||| |||| 00| 0 eng d
020 _c650
024 _a103649
037 _b173, 03/12/2009, Granthlok
_cTextual
040 _aSDCL
_cSDCL
_beng
041 _2eng
_aeng
082 _a4:(P152), P9
100 _aMeenakshi Singh
_9412693
245 0 _aHindi patrakarita ka itihas.
260 _aNew Delhi
_bOmegha Publication
_c2009
300 _a314p.
_ccm.
650 _aHindi
_9391598
942 _h4:(P152), P9
_cTEXL
_2CC
999 _c728436
_d728436